[Event "SRB-ch sf"]
[Site "Belgrade"]
[Date "2016.03.29"]
[Round "9"]
[White "Grcic, Goran"]
[Black "Sviracevic, Zivko"]
[Result "0-1"]
[WhiteElo "1652"]
[BlackElo "1903"]
[PlyCount "40"]
[EventDate "2016.03.21"]
[EventType "swiss"]
[EventRounds "9"]
[EventCountry "SRB"]
[SourceTitle "CBM 171 Extra"]
[Source "ChessBase"]
[SourceDate "2016.04.26"]
[SourceVersion "1"]
[SourceVersionDate "2016.04.26"]
[SourceQuality "1"]

1. e4 d6 2. c3 c6 3. d4 Nd7 4. f4 Qc7 5. e5 e6 6. Bd3 c5 7. Nf3 cxd4 8. cxd4 f6 9. Qe2 Qxc1+ 10. Kf2 Qxh1 11. Qd2 dxe5 12. fxe5 Nh6 13. h3 fxe5 14. dxe5 Bc5+ 15. Kg3 0-0 16. Qc2 Nf5+ 17. Bxf5 Rxf5 18. Qb3 Nxe5 19. Nbd2 Qxa1 20. Nxe5 Qe1+ 0-1

[Event "SRB-ch sf"]
[Site "Belgrade"]
[Date "2016.03.24"]
[Round "4"]
[White "Aleksic, Neven"]
[Black "Sviracevic, Zivko"]
[Result "1-0"]
[WhiteElo "2118"]
[BlackElo "1903"]
[PlyCount "95"]
[EventDate "2016.03.21"]
[EventType "swiss"]
[EventRounds "9"]
[EventCountry "SRB"]
[SourceTitle "CBM 171 Extra"]
[Source "ChessBase"]
[SourceDate "2016.04.26"]
[SourceVersion "1"]
[SourceVersionDate "2016.04.26"]
[SourceQuality "1"]

1. d4 d6 2. c4 Nd7 3. Nc3 e5 4. Nf3 c6 5. e4 h6 6. Be2 Qc7 7. 0-0 Be7 8. b3 Ngf6 9. Ba3 Qa5 10. Qc1 a6 11. Rd1 Qc7 12. Qd2 c5 13. dxe5 dxe5 14. Bb2 0-0 15. h3 Re8 16. Qe3 Bf8 17. Rac1 b6 18. Nd5 Qb8 19. Nh2 Bb7 20. Ng4 Nxd5 21. cxd5 Qd6 22. Qg3 Kh7 23. Ne3 Rab8 24. Nc4 Qe7 25. Bg4 Bc8 26. d6 Qd8 27. Bxd7 Bxd7 28. Nxe5 Kg8 29. f4 Re6 30. Nxd7 Qxd7 31. e5 Rg6 32. Qf3 f5 33. Qd5+ Kh8 34. Ba1 Re8 35. Rd2 a5 36. a3 Rg3 37. Rc3 Rxc3 38. Bxc3 Kh7 39. Re2 Re7 40. Qd3 g6 41. b4 cxb4 42. axb4 a4 43. b5 Re8 44. Bb4 Qe6 45. Rc2 Rd8 46. Qc4 Qe8 47. e6 Bxd6 48. Bxd6 1-0

[Event "Belgrade Trophy 29th"]
[Site "Belgrade"]
[Date "2015.11.28"]
[Round "5"]
[White "Djokic, Nebojsa"]
[Black "Sviracevic, Zivko"]
[Result "1-0"]
[WhiteElo "2245"]
[BlackElo "1998"]
[PlyCount "51"]
[EventDate "2015.11.24"]
[EventType "swiss"]
[EventRounds "9"]
[EventCountry "SRB"]
[SourceTitle "CBM 170 Extra"]
[Source "ChessBase"]
[SourceDate "2016.02.25"]
[SourceVersion "1"]
[SourceVersionDate "2016.02.25"]
[SourceQuality "1"]

1. e4 e6 2. d4 Nf6 3. e5 Nd5 4. Nf3 c5 5. c4 Nb6 6. d5 exd5 7. cxd5 d6 8. Nc3 dxe5 9. Nxe5 Bd6 10. Bb5+ N8d7 11. Nxd7 Bxd7 12. Qe2+ Qe7 13. Bxd7+ Kxd7 14. Be3 f5 15. 0-0 a6 16. Rfe1 Rae8 17. Qc2 Qf6 18. Na4 Nxa4 19. Qxa4+ b5 20. Qa3 Rc8 21. f4 Rc7 22. Qxa6 Re8 23. Bf2 Be5 24. Qe6+ Qxe6 25. dxe6+ Kxe6 26. Rxe5+ 1-0

[Event "Belgrade Trophy 29th"]
[Site "Belgrade"]
[Date "2015.11.24"]
[Round "1"]
[White "Sviracevic, Zivko"]
[Black "Codenotti, Marco"]
[Result "0-1"]
[WhiteElo "1998"]
[BlackElo "2426"]
[PlyCount "46"]
[EventDate "2015.11.24"]
[EventType "swiss"]
[EventRounds "9"]
[EventCountry "SRB"]
[SourceTitle "CBM 169 Extra"]
[Source "ChessBase"]
[SourceDate "2015.12.18"]
[SourceVersion "1"]
[SourceVersionDate "2015.12.18"]
[SourceQuality "1"]

1. d4 Nf6 2. c4 g6 3. Nc3 d5 4. f3 Bg7 5. e4 dxe4 6. fxe4 0-0 7. Nf3 c5 8. d5 e6 9. Be2 b5 10. cxb5 exd5 11. exd5 Bb7 12. Bg5 Nbd7 13. 0-0 h6 14. Bh4 Nb6 15. Rc1 Nbxd5 16. Nxd5 Qxd5 17. Qa4 Ne4 18. Rcd1 Qe6 19. Bc4 Qb6 20. Be7 Bxb2 21. Qb3 Bg7 22. Bxf8 Rxf8 23. Bd5 c4+ 0-1